000 00528nam a2200169 a 4500
001 000041649
005 20201002035703.0
008 131015s1976 sp 000 0 spa d
040 _aDO-SdBNP
_bspa
_cBNPHU
245 0 0 _aTécnicas de investigación social /
_cintroducción y selección de Napoleón Chow.
260 _aCosta Rica :
_bUniversitaria Centroamericana,
_c1976.
300 _a400 p. ;
_c18 cm.
490 1 _aAula
504 _aBibligrafía : p. 397 -398
700 1 _aChow, Napoleón
_968437
830 0 _aAula
_916604
999 _c41139
_d41139